Evidence-Based Practice in Suicidology : A Source Book /
Conjunto de trabajos sobre la prevención del suicidio con base en evidencias, que comprende colaboraciones referentes a enfoques y recursos en particular (la psicofarmacología y los servicios telefónicos de emergencia o "hotlines") y a patologías específicas (como la esquizofrenia y los trastornos d...
Guardat en:
| Autor principal: | |
|---|---|
| Altres autors: | |
| Format: | Llibre |
| Idioma: | anglès |
| Publicat: |
Cambridge, EUA :
Hogrefe,
2011, c2011
|
| Matèries: | |
| Etiquetes: |
Sense etiquetes, Sigues el primer a etiquetar aquest registre!
|
MARC
| LEADER | 00000nam^a2200000^a^4500 | ||
|---|---|---|---|
| 001 | 000357377 | ||
| 005 | 20250521000000.0 | ||
| 009 | 20260310115258.806 | ||
| 020 | |a 978-0-88937-383-9 | ||
| 037 | |a Acervo ITESO - Biblioteca | ||
| 041 | |a ING | ||
| 082 | |a 616. 858445 |b POM | ||
| 100 | |a Pompili, Maurizio |e (ed.) | ||
| 245 | 1 | 0 | |a Evidence-Based Practice in Suicidology : |b A Source Book / |c Ed. de M. Pompili, R. Tatarelli ; pról. de Muir Gray. |
| 264 | 4 | |a Cambridge, EUA : |b Hogrefe, |c 2011, c2011 | |
| 300 | |a VIII, 380 p. | ||
| 336 | |a texto |b txt |2 rdacontenido | ||
| 337 | |a sin mediación |b n |2 rdamedio | ||
| 338 | |a volumen |b nc |2 rdasoporte | ||
| 520 | |a Conjunto de trabajos sobre la prevención del suicidio con base en evidencias, que comprende colaboraciones referentes a enfoques y recursos en particular (la psicofarmacología y los servicios telefónicos de emergencia o "hotlines") y a patologías específicas (como la esquizofrenia y los trastornos de la personalidad). | ||
| 649 | |a XX | ||
| 650 | |a Suicidio - |x Prevención | ||
| 650 | |a Suicidio - |x Tema Principal | ||
| 650 | |a Trastornos de Conducta - |x Tratamiento | ||
| 650 | |a Esquizofrenia | ||
| 650 | |a Psicosis | ||
| 650 | |a Trastornos de la Personalidad | ||
| 650 | |a Psicopatología | ||
| 650 | |a Psicoterapia | ||
| 650 | |a Psicología Clínica | ||
| 650 | |a Psicofarmacología | ||
| 650 | |a Psiquiatría | ||
| 700 | |a Tatarelli, Roberto |e (edición) | ||
| 910 | |a Fondo General | ||
| 920 | |a Impresos - Libros | ||
| 930 | |a Colección General | ||
| 905 | |a 101 | ||
| 901 | |a 0500249687 |b IT1 |c ACC |i C147475 |u 20250521 | ||
| 902 | |a https://opac.biblio.iteso.mx/vufind/Record/000357377 | ||